[Event "Would you like to play?"]
[Site "SchemingMind.com"]
[Date "2013.04.18"]
[Round "-"]
[White "murmac"]
[Black "lennart"]
[Result "0-1"]
[WhiteCountry "SCO"]
[BlackCountry "SWE"]
[WhiteElo "1227"]
[WhiteRD "111"]
[BlackElo "1526"]
[BlackRD "60"]
[GameID "330428"]

1. e4 e5 2. Nf3 Nc6 3. Bb5 a6 4. Ba4 b5 5. Bb3 h6 6. O-O a5 7. a3 Bc5 8. c3 Nf6 9. d4 exd4 10. cxd4 Bb6
11. Nc3 a4 12. Ba2 O-O 13. Nh4 Nxd4 14. Be3 Nb3 15. Bxb3 axb3 16. Bxh6 gxh6 17. Nf5 h5 18. Nd5 Nxe4 19. Nh6+ Kh7 20. Qxh5 Qg5
21. Nf6+ Kg7 22. Ne8+ Rxe8 23. Qxf7+ Kxh6 24. Qxe8 Bb7 25. Qxd7 Nxf2 26. Rxf2 Bxf2+ 27. Kxf2 Rf8+ 28. Ke1 Qe5+ 29. Kd1 Rf1+ 30. Kd2 Qf4+
31. Kc3 Qc4+
0-1

[Event "Would you like to play?"]
[Site "SchemingMind.com"]
[Date "2013.04.17"]
[Round "-"]
[White "Phillip Beckett"]
[Black "lennart"]
[Result "1-0"]
[WhiteCountry "ENG"]
[BlackCountry "SWE"]
[WhiteElo "1546"]
[WhiteRD "49"]
[BlackElo "1487"]
[BlackRD "62"]
[GameID "330429"]

1. e4 e5 2. Nf3 Nc6 3. Bb5 a6 4. Bxc6 dxc6 5. d4 h6 6. dxe5 Qxd1+ 7. Kxd1 Bc5 8. Ke2 Ne7 9. Bf4 Be6 10. Nbd2 O-O-O
11. Rad1 Bxa2 12. b3 g5 13. Be3 Bxe3 14. Kxe3 a5 15. Ra1 Bxb3 16. Nxb3 b6 17. Nbd4 c5 18. Nf5 Ng6 19. h3 Kb7 20. Rhd1 Rde8
21. Rd7 Kc6 22. Rxf7 Nf4 23. g3 Nxh3 24. Rh1 g4 25. N3h4 Ng5 26. Rf6+ Kb5 27. Rb1+ Kc4 28. Kf4 Nh3+ 29. Kxg4 Nxf2+ 30. Kf3 Nh3
31. Rb3 Ng5+ 32. Kf4 Ne6+ 33. Kf3 a4 34. Ne3+
1-0

[Event "Would you like to play?"]
[Site "SchemingMind.com"]
[Date "2013.04.19"]
[Round "-"]
[White "eun77"]
[Black "lennart"]
[Result "0-1"]
[WhiteCountry "ISR"]
[BlackCountry "SWE"]
[WhiteElo "1373"]
[WhiteRD "54"]
[BlackElo "1501"]
[BlackRD "60"]
[GameID "330430"]

1. d4 Nf6 2. e3 d5 3. h3 h6 4. Nf3 a6 5. Be2 Nc6 6. O-O e6 7. Nh2 Bd6 8. Ng4 h5 9. Nxf6+ Qxf6 10. f4 Bd7
11. c3 Ne7 12. Nd2 Nf5 13. Nf3 Ng3 14. Rf2 O-O-O 15. Nd2 g5 16. Nf1 Nxe2+ 17. Qxe2 g4 18. hxg4 hxg4 19. Qxg4 e5 20. Qf3 e4
21. Qe2 Qh4 22. Ng3 Qh2+ 23. Kf1 Qxg3 24. Ke1 Rh1+ 25. Kd2 Bg4 26. b3 Bxe2 27. Rxe2 Rh2 28. Kc2 c5 29. a4 Rxg2 30. Rxg2 Qxg2+
31. Kb1 Rh8 32. Ra2 Qf1 33. Rb2 Rh1 34. Rc2 Qd3 35. Kb2 c4 36. Rd2 Ba3+ 37. Kxa3 Qxc3
0-1

[Event "Would you like to play?"]
[Site "SchemingMind.com"]
[Date "2013.04.16"]
[Round "-"]
[White "ray winteringham"]
[Black "lennart"]
[Result "0-1"]
[WhiteCountry "ENG"]
[BlackCountry "SWE"]
[WhiteElo "1514"]
[WhiteRD "50"]
[BlackElo "1487"]
[BlackRD "62"]
[GameID "330431"]

1. d4 d5 2. c4 Nf6 3. Nf3 h6 4. g3 e6 5. c5 Nc6 6. e3 a6 7. Bg2 Rb8 8. O-O b6 9. cxb6 Rxb6 10. Nc3 Be7
11. b3 a5 12. a4 Bb4 13. Nb5 O-O 14. Bd2 Be7 15. Qe1 Ba6 16. Ne5 Nxe5 17. dxe5 Nd7 18. Bxa5 Rb7 19. Nd4 Bxf1 20. Bxf1 Nc5
21. Nc6 Qd7 22. Bb5 Bd8 23. Bb4 Nd3 24. Qd2 Nxb4 25. Qxb4 f6 26. Na5 Rxb5 27. Qc3 Rxa5 28. Qxa5 fxe5 29. Qd2 c6 30. Qc3 d4
31. Qd3 Qf7 32. a5 Qxf2+ 33. Kh1 Bg5 34. exd4 exd4 35. a6 Be3 36. Qe4 d3 37. Qxe6+ Kh8 38. Qxc6 Qe2 39. Qg2 Qxg2+ 40. Kxg2 d2
41. b4 Rd8 42. Rd1 Ba7 43. Kf3 Kh7 44. Ke2 g5 45. Rxd2 Re8+ 46. Kf1 Kg6 47. g4 Re4 48. b5 Rf4+ 49. Kg2 Rxg4+ 50. Kh1 Rg1#
0-1